000 00464nam a2200181Ia 4500
008 090124s9999 xx 000 0 und d
082 _b31379
_a7388
100 _aकाळे विजया.
245 _a फुलोरा
250 _a1
260 _c2002
300 _a189
600 _aकाळे विजया.
630 _a फुलोरा
700 _aकाळे विजया.
730 _a फुलोरा
942 _cBOOK
999 _c144858
_d144858